To assess the effectiveness of lukewarm water compress on breast engorgement among postnatal mothers admitted in selected govenment hospital of pune city (Record no. 367274)
[ view plain ]
| 000 -LEADER | |
|---|---|
| fixed length control field | 00616nam a22001697a 4500 |
| 005 - DATE AND TIME OF LATEST TRANSACTION | |
| control field | 20250812113841.0 |
| 008 - FIXED-LENGTH DATA ELEMENTS--GENERAL INFORMATION | |
| fixed length control field | 250812b |||||||| |||| 00| 0 eng d |
| 041 ## - LANGUAGE CODE | |
| Language code of text/sound track or separate title | eng |
| 082 ## - DEWEY DECIMAL CLASSIFICATION NUMBER | |
| Edition number | 1st |
| Classification number | GNM U00119 |
| 100 ## - MAIN ENTRY--PERSONAL NAME | |
| Author | 3rd Year GNM |
| 245 ## - TITLE STATEMENT | |
| Title | To assess the effectiveness of lukewarm water compress on breast engorgement among postnatal mothers admitted in selected govenment hospital of pune city |
| 250 ## - EDITION STATEMENT | |
| Edition statement | 1st |
| 260 ## - PUBLICATION, DISTRIBUTION, ETC. | |
| Place of publication, distribution, etc. | Pune |
| Name of publisher, distributor, etc. | Mksssbtine |
| Date of publication, distribution, etc. | 2023-2024 |
| 300 ## - PHYSICAL DESCRIPTION | |
| Extent | 101 |
| Other physical details | pb |
| Dimensions | spiral binding |
| 521 ## - TARGET AUDIENCE NOTE | |
| Target audience note | 3rd Year GNM<br/>Group Study Report(6th)<br/>Project Report<br/>Guide: Shailaja Mathews |
| 942 ## - ADDED ENTRY ELEMENTS (KOHA) | |
| Koha item type | Project Reports |
| Withdrawn status | Lost status | Source of classification or shelving scheme | Damaged status | Not for loan | Collection code | Home library | Current library | Date acquired | Full call number | Barcode | Date last seen | Bill Date | Koha item type | Original Barcode |
|---|---|---|---|---|---|---|---|---|---|---|---|---|---|---|
| Dewey Decimal Classification | Reference | Smt. Bakul Tambat Institute of Nursing Education | Smt. Bakul Tambat Institute of Nursing Education | 12/08/2025 | GNM U00119 | BTIN-PR-U00119 | 12/08/2025 | 12/08/2025 | Project Reports | BTIN-PR-U00119 |